Online
Catalog

Mejoramiento mundial de la salud pública / : (Record no. 21345)

MARC details
000 -CABECERA
campo de control de longitud fija 00886nam a2200241 a 4500
001 - NÚMERO DE CONTROL
campo de control 000021847
005 - FECHA Y HORA DE LA ÚLTIMA TRANSACCIÓN
campo de control 20250701104719.0
008 - DATOS DE LONGITUD FIJA--INFORMACIÓN GENERAL
campo de control de longitud fija 100913s1971 mx a r 000 0 spa d
040 ## - FUENTE DE LA CATALOGACIÓN
Centro catalogador/agencia de origen DO-SdBNP
Lengua de catalogación spa
Centro/agencia transcriptor BNPHU
082 ## - NÚMERO DE LA CLASIFICACIÓN DECIMAL DEWEY
Número de clasificación 362.1
Número de documento/Ítem B915m
049 ## - FONDOS LOCALES (OCLC)
Fondos de biblioteca BNGR
100 1# - ENTRADA PRINCIPAL--NOMBRE DE PERSONA
Nombre de persona Bryant, John
Fechas asociadas al nombre 1925-
9 (RLIN) 45363
245 10 - MENCIÓN DE TÍTULO
Título Mejoramiento mundial de la salud pública / :
Resto del título John Bryant ; traducción José Meza Nieto.
260 ## - PUBLICACIÓN, DISTRIBUCIÓN, ETC.
Lugar de publicación, distribución, etc. México, D. F. :
Nombre del editor, distribuidor, etc. Centro Regional de Ayuda Técnica :
-- Agencia para el Desarrollo Internacional (AID),
Fecha de publicación, distribución, etc. 1971.
300 ## - DESCRIPCIÓN FÍSICA
Extensión xxvi, 373 p. :
Otras características físicas il. ;
Dimensiones 23 cm.
500 ## - NOTA GENERAL
Nota general Incluye índice de figuras.
500 ## - NOTA GENERAL
Nota general Incluye índice de tablas.
500 ## - NOTA GENERAL
Nota general Incluye índice alfabético.
534 ## - NOTA SOBRE LA VERSIÓN ORIGINAL
Título clave del original Health and the developing world
650 #0 - PUNTO DE ACCESO ADICIONAL DE MATERIA--TÉRMINO DE MATERIA
Término de materia o nombre geográfico como elemento de entrada Salud pública
9 (RLIN) 56565
650 #4 - PUNTO DE ACCESO ADICIONAL DE MATERIA--TÉRMINO DE MATERIA
Término de materia o nombre geográfico como elemento de entrada Salud pública
Subdivisión general Estadísticas
9 (RLIN) 45364
700 1# - PUNTO DE ACCESO ADICIONAL--NOMBRE DE PERSONA
Nombre de persona Meza Nieto, José,
Término indicativo de función/relación tr.
9 (RLIN) 45365
Holdings
Estado de retiro Estado de pérdida Restricciones de uso No para préstamo Código de colección Localización permanente Ubicación/localización actual Ubicación en estantería Fecha de adquisición Número de inventario Total de préstamos Signatura topográfica completa Código de barras Fecha visto por última vez Precio válido a partir de Tipo de ítem Koha Número de copia
        Monografías: Libros y Folletos General General En catalogación 13.09.2010 LF1   362.1 B915m 21847-10 25.06.2020 25.06.2020 Préstamo en sala  
      Préstamo restrigido Monografías: Libros y Folletos General General En catalogación 13.09.2010 LF1   362.1 B915m 21847-20 25.06.2020 25.06.2020 Préstamo en sala e. 2
        Monografías: Libros y Folletos General General En catalogación 13.09.2010 LF1   362.1 B915m 21847-30 25.06.2020 25.06.2020 Préstamo en sala e. 3
        Monografías: Libros y Folletos General General En catalogación 17.09.2010 LF1   362.1 B915m 21847-40 25.06.2020 25.06.2020 Préstamo en sala e. 4

Powered by Koha